000 00959nam a2200277 i 4500
003 IT-RoINE
005 20190320095830.0
008 160714s2016 it r 001 | ita d
020 _a9788843080892
040 _aPUG
_dclb IT-RoINE
_cIT-RoINE
100 1 _aPasquale, Gianluigi,
_cO.F.M. Cap.,
_d1967-
_920631
245 1 0 _aTeoria e teologia della storia :
_bl'uomo alla ricerca del proprio senso /
_cGianluigi Pasquale.
260 _aRoma :
_bCarocci,
_c2016.
300 _a697 p. ;
_c22 cm.
336 _2rdacontent
_atext
337 _2rdamedia
_aunmediated
338 _2rdacarrier
_avolume
490 1 _aBiblioteca di testi e studi ;
_v1066
500 _aIncluye índices.
504 _aBibliografía: p. 629-686.
650 4 _923329
_aTeología de la historia
650 4 _913002
_aFilosofía
_xHistoria
650 4 _aSalvación
_xHistoria de las doctrinas
_955878
830 0 _aBiblioteca di testi e studi (Carocci) ;
_955876
_v1066
942 _cMTS
999 _c28347
_d28347